Normal view
MARC view
Entry Personal Name
001 - CONTROL NUMBER
- control field: 704252
003 - CONTROL NUMBER IDENTIFIER
- control field: OSt
005 - DATE AND TIME OF LATEST TRANSACTION
- control field: 20221007102052.0
008 - FIXED-LENGTH DATA ELEMENTS
- fixed length control field: 221007|| aca||aabn | a|a d
040 ## - CATALOGING SOURCE
- Original cataloging agency: OSt
- Transcribing agency: OSt
100 ## - HEADING--PERSONAL NAME
- Personal name: INDIA GOVT. (MINISTRY OF LAW)
670 ## - SOURCE DATA FOUND
- Source citation: Work cat.: (OSt)1178897: INDIA GOVT. (MINISTRY OF LAW), ACTS OF PARLIAMENT with a table showing the effect of Legislation & an Indian, 2000, 2000
